000
00182nam a22000857a 4500
082
_a
657.3 FUM
100
_a
FUMBUKA, L.G
245
_a
STUDY GUIDE FOR ADVANCED ACCOUNTANCY
942
_c
BK
999
_c
20285
_d
20285